|
|
|
|
| LEADER |
00912nam a2200229 a 4500 |
| 001 |
12871528 |
| 008 |
110224s2003 enka b 001 0 eng d |
| 010 |
|
|
|a 2002029053
|
| 020 |
|
|
|a 0198238827 (acid-free paper)
|
| 040 |
|
|
|a DLC
|c DLC
|d DLC
|a BD-DhAAL
|
| 082 |
0 |
0 |
|a 410/.285
|2 22
|
| 245 |
0 |
4 |
|a The Oxford handbook of computational linguistics /
|c edited by Ruslan Mitkov.
|
| 246 |
3 |
|
|a Computational linguistics
|
| 260 |
|
|
|a Oxford ;
|a New York :
|b Oxford University Press,
|c c2003.
|
| 300 |
|
|
|a xvi, 784 p. :
|b ill. ;
|c 26 cm.
|
| 504 |
|
|
|a Includes bibliographical references and indexes.
|
| 541 |
|
|
|e 00009733
|
| 650 |
|
0 |
|a Computational linguistics.
|
| 700 |
1 |
|
|a Mitkov, Ruslan.
|
| 852 |
4 |
|
|a Ayesha Abed Library
|j General shelf
|
| 999 |
|
|
|c 10551
|d 10551
|
| 952 |
|
|
|0 0
|1 0
|2 ddc
|4 0
|6 410_285000000000000_OXF
|7 0
|9 14710
|a BRACUL
|b BRACUL
|c GEN
|d 2011-03-16
|l 2
|m 6
|o 410.285 OXF
|p 3010009733
|r 2025-12-24
|s 2025-11-11
|t 1
|w 2011-03-16
|y BK
|